| 000 | 00602nam a22002177a 4500 | ||
|---|---|---|---|
| 999 |
_c5545 _d5545 |
||
| 003 | GBCCL | ||
| 005 | 20241126110544.0 | ||
| 008 | 180327b ||||| |||| 00| 0 eng d | ||
| 020 | _a0903843072 | ||
| 040 | _cgbc | ||
| 082 |
_a253.76 _bSMI |
||
| 100 |
_aSmith, Ron _97018 |
||
| 245 |
_aThe A B C of Door to Door Visitation / _cRon Smith |
||
| 250 | _a6th Printing | ||
| 260 |
_bSTL Books, _aBromley: _c1979 |
||
| 300 |
_a173 p.; _c18 cm. |
||
| 650 |
_aWitness Bearing _vChristianity _910012 |
||
| 650 |
_aChurch Work _964 |
||
| 650 |
_aPersonal Evangelism _vVisiting _xManuals _910013 |
||
| 942 |
_2ddc _cBK |
||